Beginning musical theatre dance (Record no. 7392)

MARC details
000 -LEADER
fixed length control field 00659nam a22002057i 4500
003 - CONTROL NUMBER IDENTIFIER
control field URS
005 - DATE AND TIME OF LATEST TRANSACTION
control field 20220114152732.0
008 - FIXED-LENGTH DATA ELEMENTS--GENERAL INFORMATION
fixed length control field 181027b xxu||||| |||| 00| 0 eng d
040 ## - CATALOGING SOURCE
Description conventions rda
Transcribing agency URSP-Library
Language of cataloging eng
100 1# - MAIN ENTRY--PERSONAL NAME
Personal name Harris, Diana Dart
245 10 - TITLE STATEMENT
Title Beginning musical theatre dance
Statement of responsibility, etc. Diana Dart Harris
264 #1 - PRODUCTION, PUBLICATION, DISTRIBUTION, MANUFACTURE, AND COPYRIGHT NOTICE
Place of production, publication, distribution, manufacture United States
Name of producer, publisher, distributor, manufacturer Human Kinetics
Date of production, publication, distribution, manufacture, or copyright notice 2016
300 ## - PHYSICAL DESCRIPTION
Extent xi, 113pages
Other physical details colourill:
Dimensions 22cm
336 ## - CONTENT TYPE
Content type term text
Content type code txt
Source rdacontent
337 ## - MEDIA TYPE
Media type term unmediated
Media type code n
Source rdamedia
338 ## - CARRIER TYPE
Carrier type term volume
Carrier type code nc
Source rdacarrier
500 ## - GENERAL NOTE
General note Includes webography. Includes bibliographical references and index.
650 #0 - SUBJECT ADDED ENTRY--TOPICAL TERM
Topical term or geographic name entry element dance--study and teaching.
942 ## - ADDED ENTRY ELEMENTS (KOHA)
Source of classification or shelving scheme Library of Congress Classification
Koha item type Foreign Books
Holdings
Withdrawn status Source of classification or shelving scheme Damaged status Not for loan Collection code Home library Current library Shelving location Date acquired Source of acquisition Total Checkouts Full call number Barcode Date last seen Copy number Price effective from Koha item type
  Library of Congress Classification     Non-fiction Pililla College Library Pililla College Library General Stacks 10/27/2018 purchased   793.307 H24b 2015 URSPIL-6063 10/27/2018 1 10/27/2018 Foreign Books
  Dewey Decimal Classification     Non-fiction Pililla College Library Pililla College Library General Stacks 01/24/2019 Purchased   793.307 H24b 2015 URSPIL-6275 01/24/2019   01/24/2019 Foreign Books

University of Rizal System
Email us at univlibservices@urs.edu.ph

Visit our Website www.urs.edu.ph/library